Statistics for Medical & Applied Sciences "-logy"

Click here to take the quiz!

General Stats

  • This quiz has been taken 3,146 times
    (3,143 since last reset)
  • The average score is 9 of 21

Answer Stats

HintAnswer% Correct
Branch of medical science dealing with the heart & heart diseasecardiology
97%
study of the skin and its diseasesdermatology
86%
study of the x-rays and radioactive substances and their uses in the diagnosis and trreatment of diseasesradiology
67%
study of the nervous system and its disordersneurology
63%
study of the female reproductive system and its diseasesgynecology
56%
study of hormones, hormone-secreting glands & their diseasesendocrinology
54%
study of the blood and blood diseaseshematology
54%
study of the body's resistance to infectious diseaseimmunology
49%
Branch of medicine dealing with the urinary system, apart from the kidneys and the male reproductive systemurology
49%
study of the drugs and their uses in the treatment of diseasepharmacology
45%
study of the stomach and intestines and their diseasesgastroenterology
41%
study of poisonous substances and their effects upon body partstoxicology
41%
study of the structural and functional changes that disease causespathology
38%
study of the structure, function and diseases of the kidneysnephrology
36%
study of the factors determining the distribution and frequency of health-related condition in a defined human populationepidemiology
33%
study of newborns and treatment of their disordersneonatology
26%
study of the eye and eye diseasesophthalmology
26%
branch of medicine dealing with older individuals and their medical problemsgerontology
23%
study of the structure, function & abnormalities of cellscytology
22%
study of the structure and function of tissueshistology
20%
Study of the ear, throat & larynxotolaryngology
11%

Score Distribution

Percentile by Number Answered

Percent of People with Each Score

Your Score History

You have not taken this quiz since the last reset